000 00578nam a22002297a 4500
003 UA-OsUOA
001 25923
007 ta
008 20040429b un ||||| |||| 00| 0 ukr d
090 _a37.013(075.8)
_bП24
942 _cBK
040 _aUA-OsUOA
_brus
_cUA-OsUOA
_dUA-OsUOA
245 _aПедагогика
_cПод ред. Г.Нойнера Ю.К.Бабанского
300 _a368 с.
955 _a0
041 _arus
080 _a37.013(075.8)
260 _aМосква
_bПедагогика
_c1984
044 _aRU
650 7 _2UDC
999 _c312228
_d312228